| 000 | 00789nam a22002297a 4500 | ||
|---|---|---|---|
| 003 | UA-OsUOA | ||
| 001 | 51576 | ||
| 007 | ta | ||
| 008 | 20140915b un ||||| |||| 00| 0 ukr d | ||
| 090 |
_a011 _bУ45 |
||
| 942 | _cBR | ||
| 040 |
_aUA-OsUOA _bukr _cUA-OsUOA _dUA-OsUOA |
||
| 245 |
_aУкраїнська журналістика іменах _bМатеріали до енциклопедичного словника (вип. 1-6). Покажчик імен |
||
| 300 | _a29 с. | ||
| 955 | _a1 | ||
| 041 | _aukr | ||
| 080 | _a011 | ||
| 260 |
_aЛьвів _c2000 |
||
| 650 | 7 |
_a01 Бібліографія і бібліографії. Каталоги _2UDC |
|
| 999 |
_c431701 _d431701 |
||